Genre and second language writing

Saved in:
Bibliografiske detaljer
Hovedforfatter: Hyland, Ken (Author)
Format: Bog
Sprog:engelsk
Udgivet: Ann Arbor University of Michigan 2004
Serier:Michigan Series on Teaching Multilingual Writers
Fag:
Tags: Tilføj Tag
Ingen Tags, Vær først til at tagge denne postø!

MARC

LEADER 00000nam a2200000 a 4500
001 UCJ0398
003 CL-VaPUC
008 060804e20040000US |||||||||||||||||eng|d
020 |a 0472030140 
082 0 4 |a 808.042  |b HYL  |2 21 
100 |a Hyland, Ken  |e author  |9 570481 
245 1 0 |a Genre and second language writing 
300 |a 244 p 
942 |c BK 
945 |d 20060804 00:00:00  |a cmena 
260 |a Ann Arbor  |b University of Michigan  |c 2004 
650 0 |a Lengua inglesa  |9 318842 
650 0 |a Enseñanza de la escritura  |9 307377 
650 0 |a Educación lingüística  |9 306506 
650 7 |a RETORICA DEL INGLES  |2 CL-VaPUC  |9 485974 
650 0 |a Adquisición del lenguaje   |9 309032 
583 |a last modification  |c 20130320 01:37:10  |k Rodrigo Vera 
490 0 |a Michigan Series on Teaching Multilingual Writers 
999 |c 317254  |d 317252 
952 |0 0  |1 0  |4 0  |6 808_042000000000000_HYL_2004  |7 0  |8 A  |9 393306  |a FDOPOS  |b FDOPOS  |d 2019-11-22  |i 4259203  |o 808.042 HYL 2004  |p 4259203  |r 2025-01-22  |w 2019-11-22  |y BK  |k MLA